[Event "Oberliga Baden 2324"]
[Site "Germany"]
[Date "2024.02.04"]
[Round "6.3"]
[White "Fischer, Sebastian"]
[Black "Haag, Gregor"]
[Result "1/2-1/2"]
[WhiteElo "2261"]
[BlackElo "2323"]
[PlyCount "27"]
[EventDate "2023.09.17"]
[EventType "team-tourn"]
[EventRounds "9"]
[EventCountry "GER"]
[SourceTitle "EXT 2025"]
[Source "ChessBase"]
[SourceDate "2024.10.14"]
[SourceVersion "1"]
[SourceVersionDate "2024.10.14"]
[SourceQuality "1"]
[WhiteTeam "Walldorf II"]
[BlackTeam "Brombach"]
[WhiteTeamCountry "GER"]
[BlackTeamCountry "GER"]

1. d4 d5 2. Nf3 Nf6 3. Bf4 c5 4. e3 Nc6 5. Nbd2 Qb6 6. dxc5 Qxb2 7. Rb1 Qc3 8. Bb5 e6 9. 0-0 Be7 10. e4 Qxc5 11. e5 Nd7 12. c4 a6 13. Nb3 Qa7 14. Be3 1/2-1/2

[Event "Oberliga Baden 2324"]
[Site "Germany"]
[Date "2024.01.14"]
[Round "5.2"]
[White "Fischer, Sebastian"]
[Black "Bauer, Andreas1"]
[Result "1/2-1/2"]
[WhiteElo "2261"]
[BlackElo "2278"]
[PlyCount "48"]
[EventDate "2023.09.17"]
[EventType "team-tourn"]
[EventRounds "9"]
[EventCountry "GER"]
[SourceTitle "EXT 2025"]
[Source "ChessBase"]
[SourceDate "2024.10.14"]
[SourceVersion "1"]
[SourceVersionDate "2024.10.14"]
[SourceQuality "1"]
[WhiteTeam "Walldorf II"]
[BlackTeam "Emmendingen"]
[WhiteTeamCountry "GER"]
[BlackTeamCountry "GER"]

1. d4 d6 2. Nf3 Nf6 3. Nbd2 Bf5 4. c3 g6 5. Qb3 Qc8 6. Ng5 d5 7. e4 Bxe4 8. Ndxe4 Nxe4 9. Qxd5 Nxg5 10. Bxg5 Bg7 11. 0-0-0 Nd7 12. Bxe7 Kxe7 13. Re1+ Kd8 14. Qxf7 Bf6 15. Bc4 c5 16. dxc5 Kc7 17. Qd5 Qf8 18. Rd1 Nxc5 19. b4 Rd8 20. Qxc5+ Qxc5 21. bxc5 Bxc3 22. Rxd8 Rxd8 23. Rd1 Bb2+ 24. Kc2 Rxd1 1/2-1/2

[Event "Baden-Baden Autumn op"]
[Site "Baden-Baden"]
[Date "2022.11.03"]
[Round "1"]
[White "Gantner, Ralf"]
[Black "Fischer, Sebastian"]
[Result "0-1"]
[WhiteElo "1820"]
[BlackElo "2290"]
[PlyCount "34"]
[EventDate "2022.11.03"]
[EventType "swiss"]
[EventRounds "7"]
[EventCountry "GER"]
[SourceTitle "EXT 2024"]
[Source "ChessBase"]
[SourceDate "2023.10.10"]
[SourceVersion "1"]
[SourceVersionDate "2023.10.10"]
[SourceQuality "1"]

1. e4 d5 2. exd5 Qxd5 3. Nc3 Qa5 4. d4 Nf6 5. Nf3 Bf5 6. Bc4 e6 7. Bd2 Bb4 8. Qe2 0-0 9. 0-0-0 Nc6 10. a3 Bxa3 11. bxa3 Qxa3+ 12. Kb1 b5 13. Bd3 Rab8 14. Ne4 Nd5 15. Nc5 b4 16. Nb3 Nc3+ 17. Bxc3 bxc3 0-1

[Event "Bodensee-Cup"]
[Site "Ueberlingen/Nussdorf"]
[Date "2021.10.17"]
[Round "3.6"]
[White "Fischer, Sebastian"]
[Black "Wisnet, Dominic"]
[Result "1-0"]
[WhiteElo "2300"]
[BlackElo "2324"]
[PlyCount "139"]
[EventDate "2021.10.15"]
[EventType "team-tourn"]
[EventRounds "3"]
[EventCountry "GER"]
[SourceTitle "EXT 2023"]
[Source "ChessBase"]
[SourceDate "2022.10.05"]
[SourceVersion "1"]
[SourceVersionDate "2022.10.05"]
[SourceQuality "1"]
[WhiteTeam "Wuerttemberg"]
[BlackTeam "Bayern"]
[WhiteTeamCountry "GER"]
[BlackTeamCountry "GER"]

1. d4 Nf6 2. Nf3 e6 3. Bg5 d5 4. e3 Nbd7 5. Nbd2 Bd6 6. Bd3 0-0 7. 0-0 e5 8. e4 dxe4 9. Nxe4 Be7 10. Qe2 exd4 11. Rfe1 c5 12. Rad1 g6 13. Ng3 Bd6 14. c3 Re8 15. Ne4 Kg7 16. cxd4 cxd4 17. Qd2 Be7 18. h3 Qb6 19. Bc4 Bb4 20. Bh6+ Kg8 21. Nxf6+ Nxf6 22. Rxe8+ Nxe8 23. Qxd4 Qxd4 24. Rxd4 Be7 25. Re4 Be6 26. Bxe6 fxe6 27. Rxe6 Kf7 28. Re2 Bf6 29. Ne5+ Bxe5 30. Rxe5 Rd8 31. Bg5 Rd7 32. Re4 Nc7 33. Be3 a6 34. Rd4 Nd5 35. Bd2 Ke6 36. Re4+ Kf7 37. Kf1 Rc7 38. Re2 Kf6 39. Ke1 Rc5 40. Kd1 Rc8 41. h4 Rc7 42. Re4 h5 43. f3 Kf7 44. g4 Nf6 45. Rd4 Ke6 46. Bg5 Nd5 47. Re4+ Kf7 48. gxh5 gxh5 49. Re5 Rd7 50. Ke2 Rd6 51. Bd2 Nf6 52. Bc3 Nd5 53. Bd2 Nf6 54. Rg5 Rd7 55. Bc3 Re7+ 56. Kf2 Nd7 57. Rxh5 Ke6 58. Rg5 Rh7 59. h5 b6 60. Rg6+ Kf5 61. Rg7 Rxg7 62. Bxg7 b5 63. Ke3 Nc5 64. h6 Kg6 65. Kd4 Ne6+ 66. Kd5 Ng5 67. f4 Nh3 68. f5+ Kf7 69. Kc6 Ng5 70. Kb6 1-0

[Event "Wuerttemberg Masters"]
[Site "Weissach"]
[Date "2021.08.22"]
[Round "7"]
[White "Fischer, Sebastian"]
[Black "Yi, Danny"]
[Result "1/2-1/2"]
[WhiteElo "2338"]
[BlackElo "2173"]
[PlyCount "63"]
[EventDate "2021.08.18"]
[EventType "tourn"]
[EventRounds "7"]
[EventCountry "GER"]
[EventCategory "2"]
[SourceTitle "CBM 203 Extra"]
[Source "ChessBase"]
[SourceDate "2021.09.30"]
[SourceVersion "1"]
[SourceVersionDate "2021.09.30"]
[SourceQuality "1"]

1. d4 Nf6 2. Bg5 g6 3. Nd2 d5 4. c3 Bg7 5. e3 0-0 6. Ngf3 Nbd7 7. Be2 Re8 8. 0-0 e5 9. h3 c6 10. Qc2 Qb6 11. Rfe1 exd4 12. cxd4 Nf8 13. Bf4 Bf5 14. Bd3 Bxd3 15. Qxd3 N6d7 16. b4 a5 17. a3 axb4 18. axb4 Qxb4 19. Rxa8 Rxa8 20. Rb1 Qa4 21. Rxb7 c5 22. Nb1 Ne6 23. Nc3 Qa1+ 24. Kh2 cxd4 25. Qb5 Nec5 26. Nxd5 Nxb7 27. Qxd7 Nc5 28. Ne7+ Kh8 29. Ng5 Rf8 30. Qc8 h6 31. Qxc5 dxe3 32. Nf3 1/2-1/2

[Event "Oberliga Wuerttemberg 1819"]
[Site "Wuerttemberg"]
[Date "2019.03.24"]
[Round "8"]
[White "Pogan, Nikolas"]
[Black "Fischer, Sebastian"]
[Result "1/2-1/2"]
[WhiteElo "2223"]
[BlackElo "2287"]
[PlyCount "107"]
[EventDate "2018.09.23"]
[EventType "team-tourn"]
[EventRounds "9"]
[EventCountry "GER"]
[SourceTitle "EXT 2020"]
[Source "ChessBase"]
[SourceDate "2019.10.17"]
[SourceVersion "1"]
[SourceVersionDate "2019.10.17"]
[SourceQuality "1"]
[WhiteTeam "Heilbronn"]
[BlackTeam "Deizisau II"]
[WhiteTeamCountry "GER"]
[BlackTeamCountry "GER"]

1. d4 f5 2. Nf3 Nf6 3. g3 e6 4. Bg2 Be7 5. 0-0 0-0 6. c4 d6 7. Nc3 Ne4 8. Qc2 Nxc3 9. Qxc3 a5 10. b3 Nc6 11. Bb2 Bf6 12. Qd2 e5 13. dxe5 dxe5 14. Qd5+ Kh8 15. Qxd8 Rxd8 16. Rfd1 Re8 17. Ne1 a4 18. Nc2 axb3 19. axb3 Rxa1 20. Bxa1 Na5 21. Rb1 f4 22. Be4 b6 23. Nb4 Nb7 24. Nd3 fxg3 25. hxg3 Na5 26. Bc3 Bb7 27. Bxb7 Nxb7 28. e4 Nd8 29. f3 Nf7 30. Ra1 h5 31. Kf2 g6 32. Ra7 Rc8 33. f4 Kg8 34. fxe5 Bg7 35. Ke3 Nd8 36. Nb4 Bf8 37. Nd5 Ne6 38. b4 Bh6+ 39. Ke2 Kf8 40. b5 Ke8 41. Bb4 Bg5 42. Kd3 Rd8 43. Kc3 Rd7 44. Ra8+ Kf7 45. Ra1 Kg7 46. Rf1 Rf7 47. Rxf7+ Kxf7 48. Kd3 Bd8 49. Ba3 g5 50. Ke3 Kg6 51. Bb2 Kf7 52. Ba3 Kg6 53. Bb2 Kf7 54. Ba3 1/2-1/2

[Event "Oberliga Wuerttemberg 1819"]
[Site "Wuerttemberg"]
[Date "2019.02.03"]
[Round "6"]
[White "Fischer, Sebastian"]
[Black "Thoma, Christian"]
[Result "1-0"]
[WhiteElo "2287"]
[BlackElo "2220"]
[PlyCount "95"]
[EventDate "2018.09.23"]
[EventType "team-tourn"]
[EventRounds "9"]
[EventCountry "GER"]
[SourceTitle "EXT 2020"]
[Source "ChessBase"]
[SourceDate "2019.10.17"]
[SourceVersion "1"]
[SourceVersionDate "2019.10.17"]
[SourceQuality "1"]
[WhiteTeam "Deizisau II"]
[BlackTeam "Schmiden Cannstatt"]
[WhiteTeamCountry "GER"]
[BlackTeamCountry "GER"]

1. d4 Nf6 2. Bg5 d5 3. e3 e6 4. Nd2 c5 5. c3 Nbd7 6. f4 Bd6 7. Bd3 Qb6 8. Rb1 cxd4 9. cxd4 Qa5 10. a3 b5 11. Ngf3 Bb7 12. 0-0 Ne4 13. Bh4 0-0 14. Be1 Qb6 15. Qe2 a6 16. Ne5 Nb8 17. Qf3 f5 18. b4 Nxd2 19. Bxd2 Qd8 20. g4 Nd7 21. gxf5 exf5 22. Qh3 g6 23. Rf2 Nf6 24. Rg2 Bxe5 25. fxe5 Ne4 26. Be1 Rc8 27. Bh4 Qe8 28. Bxe4 dxe4 29. Bf6 Rc3 30. Qh6 Qf7 31. h4 Rfc8 32. Kh2 Rc2 33. Rbg1 Qf8 34. Qg5 Kf7 35. h5 Qg8 36. Be7 Qg7 37. Bc5 Rxg2+ 38. Rxg2 Ke6 39. hxg6 Rg8 40. Kg1 hxg6 41. Rh2 Re8 42. Rh6 Kf7 43. Qh4 Kg8 44. e6 Bd5 45. Qg5 Rxe6 46. Qd8+ Kf7 47. Rh7 Qxh7 48. Qf8# 1-0

[Event "Deizisau op 13th"]
[Site "Deizisau"]
[Date "2018.10.29"]
[Round "7"]
[White "Becker, Matthias1"]
[Black "Fischer, Sebastian"]
[Result "1-0"]
[WhiteElo "2283"]
[BlackElo "2283"]
[PlyCount "105"]
[EventDate "2018.10.26"]
[EventType "swiss"]
[EventRounds "7"]
[EventCountry "GER"]
[SourceTitle "CBM 187 Extra"]
[Source "ChessBase"]
[SourceDate "2018.11.04"]
[SourceVersion "1"]
[SourceVersionDate "2018.11.04"]
[SourceQuality "1"]

1. Nf3 f5 2. b4 d6 3. Bb2 e5 4. e3 Nf6 5. c4 g6 6. Nc3 Bg7 7. Qb3 0-0 8. c5+ Kh8 9. Bc4 e4 10. Nd4 a5 11. cxd6 Qxd6 12. b5 c5 13. bxc6 Nxc6 14. Ncb5 Qe7 15. Ba3 Nb4 16. Rb1 f4 17. Bxb4 axb4 18. Qxb4 Qe5 19. Nd6 fxe3 20. dxe3 Nd5 21. Bxd5 Qxd5 22. Nxc8 Rfxc8 23. 0-0 Bxd4 24. exd4 Rxa2 25. Qe7 b5 26. Rxb5 Qxb5 27. Qf6+ Kg8 28. Qe6+ Kg7 29. Qxc8 Qe2 30. Qc7+ Kg8 31. Qb8+ Kg7 32. Qe5+ Kg8 33. h4 Rd2 34. Qf6 Qd3 35. Ra1 Rd1+ 36. Rxd1 Qxd1+ 37. Kh2 Qd2 38. g3 Qd3 39. Qe6+ Kf8 40. Qf6+ Kg8 41. Kg2 Qc4 42. Qd8+ Kf7 43. Qd7+ Kf6 44. Qd6+ Kf7 45. Qf4+ Kg7 46. Qxe4 h5 47. Qe5+ Kf7 48. d5 Qc5 49. Qe6+ Kg7 50. d6 Qc6+ 51. Kg1 Qc1+ 52. Kh2 Qc5 53. Qe7+ 1-0

[Event "Deizisau op 13th"]
[Site "Deizisau"]
[Date "2018.10.27"]
[Round "3"]
[White "Doll, Stefan"]
[Black "Fischer, Sebastian"]
[Result "0-1"]
[WhiteElo "2170"]
[BlackElo "2283"]
[PlyCount "84"]
[EventDate "2018.10.26"]
[EventType "swiss"]
[EventRounds "7"]
[EventCountry "GER"]
[SourceTitle "CBM 187 Extra"]
[Source "ChessBase"]
[SourceDate "2018.11.04"]
[SourceVersion "1"]
[SourceVersionDate "2018.11.04"]
[SourceQuality "1"]

1. e4 d5 2. exd5 Qxd5 3. Nc3 Qa5 4. d4 Nf6 5. Bc4 Bg4 6. f3 Bf5 7. Nge2 Nbd7 8. Ng3 Bg6 9. Qe2 0-0-0 10. Bd2 e5 11. Nb5 Qb6 12. a4 exd4 13. a5 Qc5 14. b4 Qe5 15. Nxa7+ Kb8 16. Nb5 d3 17. Qxe5 Nxe5 18. cxd3 Bxd3 19. Bxd3 Nxd3+ 20. Ke2 Bxb4 21. a6 Rhe8+ 22. Ne4 bxa6 23. Bxb4 Nxe4 24. fxe4 Rxe4+ 25. Kf3 Rxb4 26. Nc3 Ne5+ 27. Ke2 Rb2+ 28. Ke3 Rb3 29. Ke4 Rxc3 30. Kxe5 Rd6 31. Rhf1 Re3+ 32. Kf4 Rde6 33. h4 f6 34. Rfb1+ Kc8 35. Ra4 g6 36. Rb2 Re2 37. Rxa6 Rxb2 38. Rxe6 Rxg2 39. Kf3 Rg1 40. Kf2 Rg4 41. h5 Rg5 42. Rxf6 Rf5+ 0-1

[Event "Wuerttemberg Masters"]
[Site "Illertissen"]
[Date "2018.09.01"]
[Round "8"]
[White "Baburin, Alexander"]
[Black "Fischer, Sebastian"]
[Result "1/2-1/2"]
[WhiteElo "2458"]
[BlackElo "2292"]
[PlyCount "60"]
[EventDate "2018.08.25"]
[EventType "tourn"]
[EventRounds "9"]
[EventCountry "GER"]
[EventCategory "6"]
[SourceTitle "CBM 186 Extra"]
[Source "ChessBase"]
[SourceDate "2018.08.24"]
[SourceVersion "1"]
[SourceVersionDate "2018.08.24"]
[SourceQuality "1"]

1. d4 f5 2. g3 Nf6 3. Bg2 g6 4. Nf3 Bg7 5. 0-0 0-0 6. c4 d6 7. Nc3 Nc6 8. d5 Na5 9. Nd2 c5 10. Rb1 e5 11. dxe6 Bxe6 12. Nd5 Nc6 13. a3 a5 14. b3 Bf7 15. Bb2 Nxd5 16. cxd5 Ne5 17. a4 Rb8 18. Nc4 b5 19. axb5 Rxb5 20. Bxe5 Bxe5 21. e4 Bd4 22. exf5 Qf6 23. Qd3 Rfb8 24. Be4 gxf5 25. Bxf5 Bxd5 26. Ne3 Bf7 27. Bxh7+ Kh8 28. Be4 Rxb3 29. Rxb3 Bxb3 30. Qa6 Bg8 1/2-1/2

[Event "Wuerttemberg Masters"]
[Site "Illertissen"]
[Date "2018.08.30"]
[Round "6"]
[White "Fischer, Sebastian"]
[Black "Kvetny, Mark"]
[Result "1/2-1/2"]
[WhiteElo "2292"]
[BlackElo "2421"]
[PlyCount "59"]
[EventDate "2018.08.25"]
[EventType "tourn"]
[EventRounds "9"]
[EventCountry "GER"]
[EventCategory "6"]
[SourceTitle "CBM 186 Extra"]
[Source "ChessBase"]
[SourceDate "2018.08.24"]
[SourceVersion "1"]
[SourceVersionDate "2018.08.24"]
[SourceQuality "1"]

1. d4 Nf6 2. Nf3 c5 3. d5 d6 4. Nc3 e6 5. e4 exd5 6. Nxd5 Be7 7. Nxf6+ Bxf6 8. Bc4 0-0 9. 0-0 Nc6 10. c3 Be6 11. Qd3 g5 12. h3 Ne5 13. Nxe5 Bxe5 14. f4 gxf4 15. Bxf4 Bxc4 16. Qxc4 Qf6 17. Bxe5 Qxe5 18. Rf5 Qe6 19. Qd5 Rae8 20. Rd1 Qxe4 21. Qxe4 Rxe4 22. Rxd6 Re2 23. Rf2 Rfe8 24. Rd7 R2e7 25. Rfd2 b6 26. Kf2 f6 27. a4 Kf7 28. Rxe7+ Rxe7 29. Kf3 Kg6 30. g4 1/2-1/2

[Event "Wuerttemberg Masters"]
[Site "Illertissen"]
[Date "2018.08.25"]
[Round "1"]
[White "Haba, Petr"]
[Black "Fischer, Sebastian"]
[Result "1/2-1/2"]
[WhiteElo "2436"]
[BlackElo "2292"]
[PlyCount "61"]
[EventDate "2018.08.25"]
[EventType "tourn"]
[EventRounds "9"]
[EventCountry "GER"]
[EventCategory "6"]
[SourceTitle "CBM 186 Extra"]
[Source "ChessBase"]
[SourceDate "2018.08.24"]
[SourceVersion "1"]
[SourceVersionDate "2018.08.24"]
[SourceQuality "1"]

1. e4 d5 2. exd5 Qxd5 3. Nc3 Qa5 4. d4 Nf6 5. Nf3 Bf5 6. Bc4 e6 7. 0-0 Nc6 8. Bd2 Bb4 9. Bb5 0-0 10. Bxc6 bxc6 11. Ne5 c5 12. Nc6 Qa6 13. Ne7+ Kh8 14. Nxf5 exf5 15. Ne2 Bxd2 16. Qxd2 Rad8 17. Ng3 Rxd4 18. Qc3 Qc4 19. Nxf5 Qxc3 20. bxc3 Rc4 21. Ne3 Rxc3 22. Rfb1 Ra3 23. Rb3 Ra4 24. f3 c6 25. Rc3 Nd5 26. Nxd5 cxd5 27. Rxc5 d4 28. c3 dxc3 29. Rxc3 g6 30. Rc2 Kg7 31. Rb1 1/2-1/2

[Event "Karlsruhe Grenke op"]
[Site "Karlsruhe"]
[Date "2018.03.30"]
[Round "2"]
[White "Fridman, Daniel"]
[Black "Fischer, Sebastian"]
[Result "1-0"]
[WhiteElo "2637"]
[BlackElo "2277"]
[PlyCount "47"]
[EventDate "2018.03.29"]
[EventType "swiss"]
[EventRounds "9"]
[EventCountry "GER"]
[SourceTitle "CBM 183 Extra"]
[Source "ChessBase"]
[SourceDate "2018.04.19"]
[SourceVersion "1"]
[SourceVersionDate "2018.04.19"]
[SourceQuality "1"]

1. Nf3 f5 2. d3 d6 3. e4 e5 4. Nc3 c5 5. g3 Nc6 6. Nh4 f4 7. Bg2 Be6 8. 0-0 g5 9. Nf5 h5 10. h4 Qd7 11. hxg5 Nge7 12. Nxe7 Bxe7 13. gxf4 exf4 14. Bxf4 0-0-0 15. Be3 Ne5 16. f4 Bg4 17. Qd2 Ng6 18. Nd5 Rdg8 19. d4 h4 20. Kh2 h3 21. Bh1 Nh4 22. dxc5 dxc5 23. Qc3 b6 24. b4 1-0

[Event "Boeblingen op 34th"]
[Site "Boeblingen"]
[Date "2017.12.28"]
[Round "5"]
[White "Fischer, Sebastian"]
[Black "Kuklin, Valentin"]
[Result "1/2-1/2"]
[WhiteElo "2270"]
[BlackElo "2377"]
[PlyCount "136"]
[EventDate "2017.12.26"]
[EventType "swiss"]
[EventRounds "9"]
[EventCountry "GER"]
[SourceTitle "CBM 182 Extra"]
[Source "ChessBase"]
[SourceDate "2018.02.23"]
[SourceVersion "1"]
[SourceVersionDate "2018.02.23"]
[SourceQuality "1"]

1. d4 Nf6 2. Nf3 c5 3. c3 b6 4. dxc5 bxc5 5. e4 e6 6. e5 Nd5 7. c4 Nb6 8. Bd3 Nc6 9. Nc3 d6 10. Be4 Bb7 11. exd6 Bxd6 12. Qe2 Qe7 13. 0-0 Rd8 14. b3 Bb8 15. Ba3 0-0 16. Rfe1 Rfe8 17. Rad1 Nd7 18. Bb1 Nde5 19. Na4 Nxf3+ 20. Qxf3 Rxd1 21. Rxd1 Ne5 22. Qh3 f5 23. f4 Ng6 24. Bxc5 Qf6 25. g3 Bxf4 26. Qf1 Qg5 27. Qf2 a6 28. Bc2 h5 29. Kf1 Be5 30. Bd6 h4 31. Nc5 hxg3 32. hxg3 Ba8 33. Bxe5 Nxe5 34. Qf4 Qf6 35. Qh4 Qg6 36. Rd8 Nf3 37. Qe7 Bc6 38. Rxe8+ Bxe8 39. Qxe6+ Qxe6 40. Nxe6 Bd7 41. Bxf5 g6 42. Nd4 Nd2+ 43. Ke2 Nxb3 44. axb3 gxf5 45. Ke3 Kf7 46. Kf4 Kf6 47. b4 Bc8 48. b5 axb5 49. cxb5 Ke7 50. Ke5 Kd7 51. Nxf5 Kc7 52. g4 Bd7 53. b6+ Kxb6 54. Kd6 Bc8 55. Ke7 Kc7 56. Kf6 Kd8 57. g5 Ba6 58. g6 Bc4 59. Nd6 Bb3 60. g7 Bg8 61. Nf7+ Ke8 62. Nd6+ Kd8 63. Kg6 Ke7 64. Nf5+ Ke8 65. Nh6 Ba2 66. Kf6 Bb3 67. Nf5 Bg8 68. Ne7 Ba2 1/2-1/2